ՀՀ Գիտությունների ազգային ակադեմիայի հիմնարար գիտական գրադարան  =   Fundamental Scientific Library of NAS RA

Кюхля / (Record no. 414369)

MARC details
000 -LEADER
fixed length control field 01042nam a22002297a 4500
003 - CONTROL NUMBER IDENTIFIER
control field AM-YeHGA
005 - DATE AND TIME OF LATEST TRANSACTION
control field 20250617154541.0
008 - FIXED-LENGTH DATA ELEMENTS--GENERAL INFORMATION
fixed length control field 181025s1937 ru ||||| |||| 00| 0 rus d
040 ## - CATALOGING SOURCE
Original cataloging agency AM-YeHGA
041 0# - LANGUAGE CODE
Language code of text/sound track or separate title rus
090 ## - LOCALLY ASSIGNED LC-TYPE CALL NUMBER (OCLC); LOCAL CALL NUMBER (RLIN)
-- 416684
100 1# - MAIN ENTRY--PERSONAL NAME
Personal name Тынянов, Юрий Николаевич.
245 10 - TITLE STATEMENT
Title Кюхля /
Statement of responsibility, etc. Юрий Тынянов; Вступ.ст.и примеч.А.С. Нифонтова; Ред. И. Луппол и др.
260 ## - PUBLICATION, DISTRIBUTION, ETC.
Place of publication, distribution, etc. Москва :
Name of publisher, distributor, etc. Журнально-газетное бобъединение,
Date of publication, distribution, etc. 1937.
300 ## - PHYSICAL DESCRIPTION
Extent 354 с., c ил.
440 #0 - SERIES STATEMENT/ADDED ENTRY--TITLE
Title Исторические романы.
Name of part/section of a work Серия 1937 года.
Volume/sequential designation № 12.
500 ## - GENERAL NOTE
General note Печатается по изданию " Художественная литература" Ленинград, 1936 г.
600 14 - SUBJECT ADDED ENTRY--PERSONAL NAME
Personal name Кюхельбекер, Вильгельм Карлович
653 0# - INDEX TERM--UNCONTROLLED
Uncontrolled term Русская литература - Декабристы (х. л.)
700 1# - ADDED ENTRY--PERSONAL NAME
Personal name Луппол, И.
Relator term ред.
Relationship edt
942 ## - ADDED ENTRY ELEMENTS (KOHA)
Source of classification or shelving scheme Universal Decimal Classification
Koha item type Գրքեր / Books
Holdings
Withdrawn status Lost status Source of classification or shelving scheme Damaged status Not for loan Collection Home library Current library Date acquired Total checkouts Full call number Barcode Date last seen Price effective from Koha item type Public note
    Universal Decimal Classification     General Fundamental Scientific Library Fundamental Scientific Library 25/10/2018   РД II/12103 FL0526976 25/10/2018 25/10/2018 Գրքեր / Books 30 Days Loan


ՀՀ ԳԱԱ հիմնարար գիտական գրադարան
ՀՀ,Երևան 0019
Մարշալ Բաղրամյան 24/6
հեռախոս:(374-10) 52-47-50
Հետադարձ կապ

All site content, except where otherwise noted, is licensed under a
Creative Commons License